| 000 | 00362nam a22001577a 4500 | ||
|---|---|---|---|
| 003 | SGT | ||
| 020 | _a9788193897492 | ||
| 082 |
_a612.015 _bE20S |
||
| 100 | _aSatyanarayana, U | ||
| 245 | _aEssentials Of Biochemistry | ||
| 250 | _a3RD | ||
| 260 |
_aNEW DELHI _bBooks & Allied Pvt Ltd _c2020 |
||
| 300 | _a1-441 | ||
| 650 | _a Biochemistry | ||
| 942 |
_2ddc _cBK _05 |
||
| 999 |
_c20929 _d20929 |
||